[Event "Brescia Province-ch"]
[Site "Ghedi"]
[Date "2015.01.25"]
[Round "2"]
[White "Conti, Ferdinando"]
[Black "Andreis, Stefano"]
[Result "0-1"]
[WhiteElo "1679"]
[BlackElo "1873"]
[PlyCount "100"]
[EventDate "2015.01.24"]
[EventType "swiss"]
[EventRounds "6"]
[EventCountry "ITA"]
[SourceTitle "EXT 2017"]
[Source "ChessBase"]
[SourceDate "2016.10.25"]
[SourceVersion "1"]
[SourceVersionDate "2016.10.25"]
[SourceQuality "1"]

1. Nf3 d6 2. b4 Nf6 3. Bb2 g6 4. e3 Bg7 5. c4 0-0 6. Nc3 e5 7. d3 Nc6 8. b5 Ne7 9. Be2 Ne8 10. 0-0 f5 11. Qb3 Kh8 12. Rad1 Be6 13. Ng5 Bg8 14. Bf3 Rb8 15. g3 h6 16. Nh3 g5 17. g4 Nf6 18. Nd5 Nexd5 19. Bxd5 Nxd5 20. cxd5 fxg4 21. Nxg5 Qxg5 22. Bc1 Rf3 23. e4 Qh4 24. Rd2 Rbf8 25. Qc2 Rh3 26. f4 gxf3 27. Rdf2 Rf7 28. Be3 b6 29. Qd1 Bf8 30. Kh1 Be7 31. Rg1 Bg5 32. Qd2 Bxe3 33. Qxe3 Qf4 34. Qe1 Rg7 35. Rxg7 Kxg7 36. Qg1+ Kh8 37. Rc2 Qf7 38. Qf1 Rh4 39. Qf2 Rf4 40. a4 Kg7 41. Rc1 Kf8 42. Rf1 Bh7 43. a5 Bg6 44. axb6 axb6 45. Ra1 Qd7 46. Qg1 Kg7 47. Rb1 Qg4 48. Qf1 f2 49. Rc1 Qf3+ 50. Qg2 f1Q+ 0-1

[Event "Provaglio op 30th"]
[Site "Provaglio"]
[Date "2013.12.13"]
[Round "6"]
[White "Barucco, Mattia"]
[Black "Conti, Ferdinando"]
[Result "1-0"]
[WhiteElo "1987"]
[BlackElo "1718"]
[PlyCount "111"]
[EventDate "2013.11.08"]
[EventType "swiss"]
[EventRounds "7"]
[EventCountry "ITA"]
[SourceTitle "EXT 2015"]
[Source "ChessBase"]
[SourceDate "2014.11.20"]
[SourceVersion "1"]
[SourceVersionDate "2014.11.20"]
[SourceQuality "1"]

1. e4 c5 2. Nc3 g6 3. f4 Bg7 4. Nf3 d6 5. Bb5+ Bd7 6. a4 a6 7. Bxd7+ Qxd7 8. 0-0 Nc6 9. Nd5 Rd8 10. d3 e6 11. Nb6 Qc7 12. Nc4 b5 13. Ne3 Nge7 14. f5 exf5 15. exf5 0-0 16. Kh1 Qd7 17. Ng5 Nxf5 18. Nxf5 gxf5 19. Qh5 h6 20. Nh3 Kh7 21. Bd2 Nd4 22. Rf4 f6 23. Raf1 Qf7 24. Qd1 bxa4 25. c3 Nb3 26. Rxa4 Nxd2 27. Qxd2 d5 28. Rxa6 Rg8 29. Qf2 Qb7 30. Qxf5+ Kh8 31. Nf4 Rgf8 32. Ng6+ Kg8 33. Qe6+ Rf7 34. Rb6 Qd7 35. Qxd7 Rdxd7 36. Ra1 Kh7 37. Nf4 f5 38. Kg1 Ra7 39. Rxa7 Rxa7 40. Nxd5 Rd7 41. c4 Bd4+ 42. Kf1 Ra7 43. Nf6+ Kg7 44. Ne8+ Kf8 45. Nd6 f4 46. Nf5 Ra1+ 47. Ke2 Be5 48. Kf3 h5 49. Nh4 Re1 50. Ng6+ Kf7 51. Nxe5+ Rxe5 52. Kxf4 Re2 53. Rh6 Rxb2 54. Rxh5 Rxg2 55. Ke5 Rd2 56. Rh3 1-0

[Event "Provaglio op 30th"]
[Site "Provaglio"]
[Date "2013.11.15"]
[Round "2"]
[White "Conti, Ferdinando"]
[Black "Cristiani, Cesare"]
[Result "0-1"]
[WhiteElo "1718"]
[BlackElo "2117"]
[PlyCount "112"]
[EventDate "2013.11.08"]
[EventType "swiss"]
[EventRounds "7"]
[EventCountry "ITA"]
[SourceTitle "EXT 2015"]
[Source "ChessBase"]
[SourceDate "2014.11.20"]
[SourceVersion "1"]
[SourceVersionDate "2014.11.20"]
[SourceQuality "1"]

1. Nf3 Nf6 2. b4 g6 3. Bb2 Bg7 4. e3 d6 5. Be2 e5 6. d3 0-0 7. 0-0 Nc6 8. b5 Ne7 9. c4 h6 10. Qc2 Be6 11. Nc3 g5 12. Nd2 Ng6 13. Nce4 Nxe4 14. Nxe4 f5 15. Nd2 g4 16. f3 h5 17. d4 Qg5 18. Qd3 Bh6 19. d5 Qxe3+ 20. Qxe3 Bxe3+ 21. Kh1 Bd7 22. Nb3 b6 23. Bc1 Bxc1 24. Raxc1 Rf7 25. Rc2 Raf8 26. g3 Kg7 27. Bd1 f4 28. fxg4 hxg4 29. Rcf2 Bf5 30. Bc2 Bxc2 31. Rxc2 Kh6 32. Rcf2 Kg5 33. Nd2 Kf5 34. Re1 Kg5 35. Ne4+ Kh5 36. Ref1 f3 37. a4 Ne7 38. Re1 Nf5 39. Kg1 Nd4 40. Kh1 Kg6 41. Re3 Ra8 42. Kg1 a6 43. Nc3 axb5 44. cxb5 Nb3 45. Kf1 Nc5 46. Ra2 Re7 47. Kf2 e4 48. Kg1 Kf5 49. Kf2 Ree8 50. Kg1 Ra5 51. Kf2 Rea8 52. Rc2 Rh8 53. Kg1 Rh7 54. Ra2 Ke5 55. Ra3 Kd4 56. Re1 f2+ 0-1

[Event "Crema op 15th"]
[Site "Crema"]
[Date "2013.09.01"]
[Round "5"]
[White "Conti, Ferdinando"]
[Black "Guasconi, Lelio"]
[Result "1/2-1/2"]
[WhiteElo "1734"]
[BlackElo "1595"]
[PlyCount "115"]
[EventDate "2013.08.30"]
[EventType "swiss"]
[EventRounds "6"]
[EventCountry "ITA"]
[SourceTitle "EXT 2015"]
[Source "ChessBase"]
[SourceDate "2014.11.20"]
[SourceVersion "1"]
[SourceVersionDate "2014.11.20"]
[SourceQuality "1"]

1. Nf3 Nf6 2. b4 e6 3. a3 b6 4. Bb2 Bb7 5. e3 d6 6. c4 c5 7. b5 Nbd7 8. Nc3 g6 9. Be2 Bg7 10. 0-0 0-0 11. Qc2 Qc7 12. h3 a6 13. a4 a5 14. d3 Rad8 15. Rad1 Rfe8 16. Rd2 Re7 17. Rfd1 Nf8 18. e4 e5 19. Bf1 Bc8 20. Re2 Ne6 21. Nb1 Nd4 22. Bxd4 cxd4 23. Nbd2 Nd7 24. Nb3 Nc5 25. Kh1 Nxa4 26. Nbxd4 exd4 27. Qxa4 Rde8 28. Rde1 Bb7 29. Nd2 f5 30. exf5 Rxe2 31. Rxe2 Rxe2 32. Bxe2 Qd7 33. Qd1 Qxf5 34. Bf3 Bc8 35. Qe2 Qe5 36. Bd5+ Kh8 37. Ne4 h6 38. Qf3 Be6 39. Bc6 d5 40. cxd5 Bxd5 41. Qg4 Bxe4 42. Bxe4 Qf6 43. Qc8+ Kh7 44. Kg1 Qd6 45. Qb7 h5 46. f3 Kh6 47. Qf7 Qf6 48. Qd5 Bf8 49. g3 Bc5 50. Kg2 a4 51. h4 a3 52. f4 Kg7 53. Qd7+ Qe7 54. Qxe7+ Bxe7 55. Bd5 Kf6 56. Kf3 Kf5 57. Bc4 Bd6 58. Bd5 1/2-1/2

[Event "Brescia Province-ch"]
[Site "Provaglio"]
[Date "2012.04.20"]
[Round "8"]
[White "Brugaletta, Giorgio"]
[Black "Conti, Ferdinando"]
[Result "1-0"]
[WhiteElo "1696"]
[BlackElo "1788"]
[PlyCount "59"]
[EventDate "2012.03.02"]
[EventType "swiss"]
[EventRounds "8"]
[EventCountry "ITA"]
[SourceTitle "EXT 2024"]
[Source "ChessBase"]
[SourceDate "2023.10.10"]
[SourceVersion "1"]
[SourceVersionDate "2023.10.10"]
[SourceQuality "1"]

1. c4 e5 2. Nc3 Nf6 3. g3 Bb4 4. Bg2 c6 5. e4 0-0 6. Nf3 Re8 7. d3 Bxc3+ 8. bxc3 d6 9. h3 Nbd7 10. 0-0 Nb6 11. Bg5 Be6 12. a4 h6 13. Be3 Nbd7 14. a5 d5 15. cxd5 cxd5 16. Qa4 Qc8 17. Rac1 Nf8 18. Kh2 Bd7 19. Qb4 Bc6 20. Nh4 dxe4 21. dxe4 Bd7 22. Rfd1 Bc6 23. Nf5 Qc7 24. Rd6 Ng6 25. Bxh6 Bxe4 26. Bxe4 Nxe4 27. Qxe4 gxh6 28. Qd5 Re6 29. Rd7 Qc8 30. Nxh6+ 1-0

[Event "Brescia Province-ch"]
[Site "Provaglio"]
[Date "2012.03.09"]
[Round "2"]
[White "Frugoni, Giulio"]
[Black "Conti, Ferdinando"]
[Result "0-1"]
[WhiteElo "1641"]
[BlackElo "1788"]
[PlyCount "76"]
[EventDate "2012.03.02"]
[EventType "swiss"]
[EventRounds "8"]
[EventCountry "ITA"]
[SourceTitle "EXT 2024"]
[Source "ChessBase"]
[SourceDate "2023.10.10"]
[SourceVersion "1"]
[SourceVersionDate "2023.10.10"]
[SourceQuality "1"]

1. e4 c5 2. Nf3 Nc6 3. d4 cxd4 4. Nxd4 e5 5. Nxc6 bxc6 6. Nc3 Bb4 7. Bc4 Nf6 8. Qf3 d5 9. exd5 cxd5 10. Bb5+ Bd7 11. Bxd7+ Qxd7 12. 0-0 Bxc3 13. bxc3 0-0 14. a4 Rac8 15. Ba3 Rfe8 16. Bb4 Ne4 17. Rfd1 Qc6 18. Ra3 Re6 19. Qe2 Rf6 20. f3 a5 21. fxe4 axb4 22. cxb4 d4 23. Rd2 Rf4 24. b5 Qc5 25. Rad3 Qb4 26. c3 Qxa4 27. cxd4 Qxb5 28. dxe5 Qb6+ 29. Kh1 Rh4 30. Rd6 Qa5 31. Qd1 g6 32. Rd8+ Rxd8 33. Rxd8+ Kg7 34. Rd5 Qb4 35. Qf1 Rxe4 36. Qf6+ Kh6 37. h3 Rf4 38. Qd8 Rf1+ 0-1